000 04391nab a2200265 i 4500
003 BR-BrBNA
005 20250606164541.0
008 250606b2019 bl.ar|pooa||| 00| 0 por |
040 _aBR-BrBNA
_bpor
072 _aJ11
100 _aPezzini, Cleder
100 _aJahnke, Simone Mundstock
100 _aKöhler, Andreas
245 _aCapacidade de paralisação, parasitismo e viabilidade de Habrobracon hebetor sob o efeito do fotoperíodo
500 _a Publicação online; 29 ref.; 3 tables; Summaries (En, Pt)
520 _a RESUMO: Neste trabalho foram avaliados os índices de paralisação, parasitismo e sucesso reprodutivo de Habrobracon hebetor (= Bracon hebetor), parasitoide de lepidópteros praga de produtos armazenados, sob influência de diferentes fotoperíodos. Os parasitoides desenvolveram-se durante a fase pré-imaginal em três diferentes fotoperíodos (claro/escuro), 24:0, 12:12 e 0:24, sendo que os adultos oriundos de cada um dos tratamentos ficaram expostos a 0, 12 e 24 horas de fotofase, perfazendo nove tratamentos. Um casal de parasitoides foi inserido por placa de Petri contendo dez larvas de último instar de Ephestiakuehniella, sendo que, a cada 24 horas, eram retirados e transferidos para uma nova placa com dez larvas, até a morte da fêmea. Foram avaliados diariamente o número de larvas paralisadas, parasitadas e número de ovos. As larvas parasitadas foram mantidas nas mesmas condições de fotoperíodos para verificar a viabilidade (%) de cada fase do desenvolvimento. A quantidade de larvas paralisadas foi sempre superior à de parasitadas, com máximo de parasitismo entre o 2º e 4º dia de idade da fêmea. O parasitismo acumulado atingiu 80% entre o 6º e 8º dia de idade, independente do fotoperíodo. O número médio de sobreviventes em cada fase do desenvolvimento foi maior na prole das fêmeas oriundas de plena fotofase, sendo que houve um acréscimo no número médio total de ovos produzidos por estas. Entretanto, entre os tratamentos, a viabilidade final não foi afetada considerando a proporção da oviposição inicial. O fotoperíodo na fase adulta não influenciou diretamente o desempenho de H. hebetor. PALAVRAS-CHAVE: Controle biológico, Fotofase, Parasitoide, Mortalidade
520 _a ABSTRACT: This study evaluated the rates of paralyzation, parasitism and reproductive success of Habrobracon hebetor (= Bracon hebetor), parasitoids of lepidopteran pests of stored products, under the influence of different photoperiods. Parasitoids developed during pre-imaginal stage in three different photoperiods (light/dark) 24:0, 12:12 and 0:24, and then adults from each treatment were exposed to 0, 12 and 24 hours of photophase, totalizing 9 treatments. One parasitoid couple was placed in a Petri dish containing ten larvae of last instar Ephestia kuehniella, being removed after each 24 hours and transferred to a new dish with ten larvae, until the death of the female. Number of paralyzed and parasitized larvae and number of eggs were evaluated daily. The parasitized larvae were maintained in the same conditions of photoperiods to verify the viability (%) of each development stage. The number of paralyzed larvae was always higher than parasitized with a maximum parasitism between the 2nd and 4th day of age. Accumulated parasitism reached 80% between the 6th and 8th day of age, independent of the photoperiod. The mean number of survivors at each stage of development was higher in offspring born from full photophase with an increase in the total number of eggs produced by them. However, between treatments, the final viability was not affected considering the proportion of initial oviposition. The photoperiod in adult stage did not influence the performance of H. hebetor. KEYWORDS: Biological control, Photophase, Parasitoid, Mortality
650 _aPRAGA DE PRODUTO ARMAZENADO
650 _aPARASITOIDE
650 _aCONTROLE BIOLÓGICO
773 0 _03551
_9345997
_dBelém-PA Faculdade de Ciências Agrárias do Pará 1999
_o2024-6646
_tRevista de Ciências Agrárias (Brazil)
_x1517-591X Impresso/Versão online ISSN 2177-8760
_gv. 62 p. 1-8; (2019)
_wBR2025001449
856 _uhttps://ajaes.ufra.edu.br/index.php/ajaes/article/view/3029/1563
942 _cANA
999 _c331948
_d331948